Think Fast! #1 - Statistics

General Stats
  • This quiz has been taken 998 times
    927 since last reset
  • The average score is 3 of 10
Answer Stats
Question Answer % Correct
What is the 6th letter of the alphabet? F
96%
Who holds the world record for the 100-meter dash? Usain Bolt
87%
What is most deadly disease? Cancer
37%
What is the freezing point? 32F/0C
30%
What country does the UK border? Ireland
2%
What's the second color of the rainbow? Orange
2%
What type of speech is a verb? A noun
1%
What kind of vertebrate is a crow? Bird
1%
What is the most popular game of all time? Minecraft
1%
What type of star is our sun? Yellow Dwarf
1%
No matching quizzes found
Score Distribution
Percent of People with Each Score
Percentile by Number Answered
Your Score History
You have not taken this quiz since the last reset